Recent developments in catfish aquaculture
Salvato in:
| Autori principali: | , |
|---|---|
| Natura: | Libro |
| Lingua: | inglese |
| Pubblicazione: |
Nueva York
Food Products
1994
|
| Soggetti: | |
| Tags: |
Aggiungi Tag
Nessun Tag, puoi essere il primo ad aggiungerne!!
|
MARC
| LEADER | 00000nam a2200000 a 4500 | ||
|---|---|---|---|
| 001 | UCM6765 | ||
| 003 | CL-VaPUC | ||
| 008 | 021122e19940000US |||||||||||||||||eng|d | ||
| 082 | 0 | 4 | |a 639.3749 |b TAV |2 21 |
| 100 | 0 | |a Tave, Douglas |e author |9 472613 | |
| 700 | 0 | |a Tucker, Craig S |e author |9 472614 | |
| 245 | 1 | 0 | |a Recent developments in catfish aquaculture |
| 300 | |a 389 p | ||
| 942 | |c BK | ||
| 945 | |d 20021122 00:00:00 |a cmena | ||
| 260 | |a Nueva York |b Food Products |c 1994 | ||
| 650 | 7 | |a BAGRE |2 CL-VaPUC |9 472615 | |
| 650 | 7 | |a PISCICULTURA |2 CL-VaPUC |9 259974 | |
| 650 | 7 | |a ENFERMEDADES DE LOS PECES |2 CL-VaPUC |9 259987 | |
| 583 | |a last modification |c 20021122 00:00:00 |k Rodrigo Vera | ||
| 999 | |c 301990 |d 301988 | ||
| 952 | |0 0 |1 0 |4 0 |6 639_374900000000000_TAV_1994 |7 0 |8 CCM |9 361960 |a BIBCUR |b BIBCUR |d 2019-11-21 |i 3862232 |o 639.3749 TAV 1994 |p 3862232 |r 2025-04-22 |w 2019-11-21 |y BK |k CIM | ||